00848nam a22002057a 450000500170000001000150001702000270003203500140005903700130007308200170008624501220010326000370022527001150026230000200037771000420039771000350043994200260047499900190050095201230051920231211103058.0 aENG-138569 a9788175415881c1600.00 aEN-122101 bDBAD/PUB a330.9582COM aCommunities, Institutions and 'Transition' in Post. 1991 Eurasia/cEdited By Suchandana Chatterjee and Anita Sengupta aDelhibShipra Publicationsc2011 bDelhiaH.O.: LG 18-19, Pankaj Central Market, Patparganj, e110092k91-11-22235152mwww.shiprapublications.com a494p.c22cm(hb) aChatterjee, SuchandanaeEditor959613 aSengupta, AnitaeEditor959614 2ddccENh330.958mCOM c176942d176942 001040708REFaVPbVPd2021-02-06eDBAD/PUBg1600.00l0o330.958 COMpEN-122101r2021-02-03 00:00:00t1v1600.00yEN